00614nam a22001937a 450000500170000001000170001702000260003403500170006003700290007703700190010608200120012524500460013726000470018327000620023030000290029250000510032170000220037270000260039420110624114138.0 aB-430960-964 a9780195630923c395.00 aB-430960-964 bOxford University Press  bAllied Pub/Ven a200.954 aReligion in India/cedited by T.N. Madan  aNew Delhi bOxford University Press c2010 aYMCA Library Building, Jai Singh RoadbNew Delhi e110001 axvii, 460p. c24cm(pbk)  aIncludes bibliographical references and index  a Robinson, Rowena aClarke, Sathianathan